Tras las huellas de la inteligencia musical: una propuesta alternativa para la valoración de la musicalidad

¿Que es el talento musical y qué digicultades entraña su valoración? Éste es el problemas que abordan los programas universitarios de música en sus procesos de ingreso, y que constituyó el núcleo de la investigación. La polémica se centra, más que en los exámenes de conocimiento, en los de aptitude...

Ful tanımlama

Kaydedildi:
Detaylı Bibliyografya
Yazar: ASPRILLA, Ligia Ivette
Diğer Yazarlar: Guardia, Gisela de la, Rivera, Edna Rocío (ed.)
Materyal Türü: Kitap
Dil:Spanish
Baskı/Yayın Bilgisi: Bogotá: Universidad Central, 2007.
Konular:
Online Erişim:Enlace del recurso
Etiketler: Etiketle
Etiket eklenmemiş, İlk siz ekleyin!

MARC

LEADER 00000nam a2200000 a 4500
001 001549
008 081223p2007 ck spa
020 |a 978-958-26-0109-6 
082 0 4 |a 780.7/  |b A843t 
100 1 |a ASPRILLA, Ligia Ivette 
245 1 0 |a Tras las huellas de la inteligencia musical:  |b  una propuesta alternativa para la valoración de la musicalidad   |c Ligia Ivette Asprilla; Gisela de la Guardia.  
250 |b Editora: Edna Rocío Rivera. 
260 |a Bogotá:  |b Universidad Central,  |c 2007. 
300 |a 104p. 
520 |a ¿Que es el talento musical y qué digicultades entraña su valoración? Éste es el problemas que abordan los programas universitarios de música en sus procesos de ingreso, y que constituyó el núcleo de la investigación. La polémica se centra, más que en los exámenes de conocimiento, en los de aptitudes, pues, ya que éstas son naturales, la prueba pretende determinar las capacidades y la facilidad natural para la música. 
650 1 |a MÚSICA --  |x ENSEÑANZA 
650 |a APTITUDES MUSICALES --  |x INVESTIGACIONES --  |z COLOMBIA 
700 |a Guardia, Gisela de la 
700 |a Rivera, Edna Rocío,  |e ed. 
999 |c 3701  |d 3701 
856 |u https://catalogo.idep.edu.co/cgi-bin/koha/opac-detail.pl?biblionumber=3701  |z Enlace del recurso